书目信息 |
| 题名: |
商业企业财务会计
|
|
| 作者: | 鲁守信 编写 | |
| 分册: | ||
| 出版信息: | 济南 山东人民出版社 1982 |
|
| 页数: | 387页 | |
| 开本: | 19cm | |
| 丛书名: | ||
| 单 册: | ||
| 中图分类: | F715.5 | |
| 科图分类: | ||
| 主题词: | 商业会计 , 商业经济--国内 | |
| 电子资源: | ||
| ISBN: | ||
| 000 | 00684nam0 2200265 45 | |
| 001 | 0182003897 | |
| 005 | 20040430112014.6 | |
| 010 | @dCNY1.05 | |
| 091 | @a4099.397 | |
| 100 | @a19950606d1982 em y0chiy0121 ea | |
| 101 | 0 | @achi |
| 102 | @aCN@b370000 | |
| 105 | @ay z 000yy | |
| 106 | @ar | |
| 200 | 10 | @a商业企业财务会计@Ashang ye qi ye cai wu kuai ji@f鲁守信等编写 |
| 205 | @b修订本 | |
| 210 | @a济南@c山东人民出版社@d1982 | |
| 215 | @a387页@d19cm | |
| 606 | @a商业会计 | |
| 606 | 0 | @a商业经济@x国内 |
| 690 | @aF715.5 | |
| 701 | 0 | @a鲁守信@Alu shou xin@4编写 |
| 801 | 0 | @aCN@b上海图书馆@c20040430 |
| 801 | 2 | @aCN@bNLC@c20040430 |
| 905 | @f2@b91223-224@dF715.5@e13 | |
| 商业企业财务会计/鲁守信等编写.-修订本.-济南:山东人民出版社,1982 |
| 387页;19cm |
| ISBN :CNY1.05 |
| ● |
| 相关链接 |
|
|
|
|
正题名:商业企业财务会计
索取号:F715.5/13
 
预约/预借
| 序号 | 登录号 | 条形码 | 馆藏地/架位号 | 状态 | 备注 |
| 1 | 0091223 | 000489554 | 密集书库/ [索取号:F715.5/13] | 在馆 | |
| 2 | 0091224 | 000488546 | 密集书库/ [索取号:F715.5/13] | 在馆 | |
| 3 | 0091225 | 000488555 | 第一样本阅览室/ [索取号:F715.5/13] | 在馆 |